书目信息 |
| 题名: |
心血管晨练
|
|
| 作者: | 卡恩 , 比斯康蒂尼 著 ;任青 , 姚滨 译 | |
| 分册: | ||
| 出版信息: | 北京 人民体育出版社 2011 |
|
| 页数: | 205页 | |
| 开本: | 26cm | |
| 丛书名: | 晨练健身系列丛书 | |
| 单 册: | ||
| 中图分类: | R540.5 , R540.5 | |
| 科图分类: | ||
| 主题词: | 心脏血管疾病--运动疗法 , 心脏血管疾病 | |
| 电子资源: | ||
| ISBN: | 978-7-5009-3983-2 | |
| 000 | 01321nam0 2200349 450 | |
| 001 | 1571953038 | |
| 005 | 20150706200021.95 | |
| 010 | @a978-7-5009-3983-2@dCNY29.00 | |
| 090 | @aR54@bke | |
| 096 | @aR54@bke | |
| 100 | @a20110408d2011 em y0chiy50 ea | |
| 101 | 1 | @achi@ceng |
| 102 | @aCN@b110000 | |
| 105 | @aa z 000yy | |
| 106 | @ar | |
| 200 | 1 | @a心血管晨练@b专著@f(美)琼·E. 卡恩(June E. Kahn),(美)劳伦斯·J. M. 比斯康蒂尼(J. M. Biscontini)著@g任青,姚滨等译@Axin xue guan chen lian |
| 210 | @a北京@c人民体育出版社@d2011 | |
| 215 | @a205页@c图@d26cm | |
| 225 | 1 | @a晨练健身系列丛书@v3 |
| 312 | @a英文原名:Morning cardio workouts | |
| 330 | @a本书分为两部分,第一部分讲的是早晨的准备,即锻炼各环节的全面准备,包括能量的要求、休息、睡眠等;第二部分讲述了从轻松锻炼到高强度的强度选择,划分了具体的时间。 | |
| 510 | 1 | @aMorning cardio workouts@zeng |
| 606 | 0 | @a心脏血管疾病@x运动疗法 |
| 606 | 0 | @a心脏血管疾病 |
| 690 | @aR540.5@v4 | |
| 690 | @aR540.5@v4 | |
| 701 | 0 | @c(美)@a卡恩@c(女, Kahn, June E.)@4著@Aka en |
| 701 | 0 | @c(美)@a比斯康蒂尼@c(J. M. Biscontini)@4著@Abi si kang di ni |
| 702 | 0 | @a任青@c(运动医学)@4译@Aren qing |
| 702 | 0 | @a姚滨@c(运动医学)@4译@Ayao bin |
| 801 | 0 | @aCN@b大连网信软件有限公司图书馆·11@c20150706 |
| 905 | @aZUCC@dR540.5@et4 | |
| 心血管晨练/(美)琼·E. 卡恩(June E. Kahn),(美)劳伦斯·J. M. 比斯康蒂尼(J. M. Biscontini)著/任青,姚滨等译.-北京:人民体育出版社,2011 |
| 205页:图;26cm .-(晨练健身系列丛书;3 ) |
| ISBN 978-7-5009-3983-2:CNY29.00 |
| 本书分为两部分,第一部分讲的是早晨的准备,即锻炼各环节的全面准备,包括能量的要求、休息、睡眠等;第二部分讲述了从轻松锻炼到高强度的强度选择,划分了具体的时间。 |
| ● |
| 相关链接 |
|
|
|
|
正题名:心血管晨练
索取号:R540.5/t4
 
预约/预借
| 序号 | 登录号 | 条形码 | 馆藏地/架位号 | 状态 | 备注 |
| 1 | 6940108 | 269401088 | 密集书库-体育系/ [索取号:R540.5/t4] | 在馆 | |
| 2 | 6940109 | 269401097 | 密集书库-体育系/ [索取号:R540.5/t4] | 在馆 | |
| 3 | 6940110 | 269401104 | 体育系资料室/ [索取号:R540.5/t4] | 在馆 |